000 00967pam a2200289 a 4500
001 2942266
003 OSt
005 20180430180158.0
008 900829s1991 nyua 001 0 eng c
010 _a 90014007
020 _a0824782437 (alk. paper)
040 _aDNLM/DLC
_cDLC
_dDLC
050 0 0 _aRS159.5
_b.H37 1991
060 _aQV 825 H255q
082 0 0 _aQV 825 H212q 2008
_220
100 1 _aHarburn, Kenneth
_d1947-
_92938
245 1 0 _aQuality Control of Packaging Materials in the Pharmaceutical Industry
260 _aNew York :
_bASQC Quality Press,
_cc1991.
300 _avii, 183 p. :
_bill. ;
_c24 cm.
440 0 _aPackaging and converting technology ;
_v4
_92939
504 _aIncludes index.
650 2 _aQuality Control.
_92942
650 2 _aPharmaceuticals
_95840
856 4 2 _3Publisher description
_uhttp://www.loc.gov/catdir/enhancements/fy0647/90014007-d.html
906 _a7
_bcbc
_corignew
_d1
_eocip
_f19
_gy-gencatlg
942 _2z
_cSLOAN
999 _c1085
_d1085